000 00598nam a22002297a 4500
999 _c371240
_d371240
001 84932
003 UA-OsUOA
005 20200122190129.0
007 ta
008 20120612b un ||||| |||| 00| 0 ukr d
040 _aUA-OsUOA
_bukr
_cUA-OsUOA
_dUA-OsUOA
041 _aukr
080 _a821.161.2
090 _a821.161.2
_bБ67
100 _aБіч Р.
245 _aЗалізний шлях
_bповість
_nч. 1
260 _aВінніпег
_c1952
300 _a127 с.
650 7 _a82 Література. Літературознавство
_2UDC
942 _cBK
_2udc
955 _a3